000
00238 a2200073 4500
245
0
_a
Technika elektriceskich izmerenij :
_b
Sbornik naucnych trudov /
_c
.
710
2
_a
Naukova Dumka.
_e
Wydawca
_4
pbl
260
_a
Kiev :
_b
Naukova Dumka,
_c
1979.
300
_a
112 s.;
_c
25 cm.
999
_c
12556
_d
12556